| 000 | 01452nam a22004337a 4500 | ||
|---|---|---|---|
| 003 | CHAP | ||
| 005 | 20230529131235.0 | ||
| 008 | 081125s2005 mx r 00010 spa d | ||
| 010 | _a95422 | ||
| 011 | _a96394 | ||
| 020 | _a9688386081 | ||
| 035 | _a107047 | ||
| 040 | _cCHAP | ||
| 090 | _aFolleto 17393 | ||
| 100 | 1 |
_aTeruel, Graciela _9112452 |
|
| 245 | 1 | 0 |
_aEscalas de equivalencia para México _c/por Graciela Teruel, Luis Rubalcava y Alicia Santana |
| 260 |
_aMéxico : _bSEDESOL, _c2005 |
||
| 300 |
_a40 p. : _bgráfs., cuadros |
||
| 490 | 0 |
_aDocumentos de investigación _v; 23 |
|
| 590 |
_aBATCH-UPD _b10 _c20130110 _lUCH01 _h0506 |
||
| 590 |
_aBATCH-UPD _b10 _c20130110 _lUCH01 _h2337 |
||
| 590 |
_aBATCH-UPD _b10 _c20130410 _lUCH01 _h0143 |
||
| 590 |
_aBATCH-UPD _b10 _c20130410 _lUCH01 _h1626 |
||
| 590 |
_aBATCH-UPD _b10 _c20130914 _lUCH01 _h1038 |
||
| 590 |
_aCONVERSION _b10 _c20130109 _lUCH01 _h1353 |
||
| 650 | 1 | 7 |
_aConsumidores (personas) _2 _927419 |
| 650 | 1 | 4 |
_aCostos y nivel de vida. _928518 |
| 650 | 1 | 4 |
_aGasto público. _947252 |
| 650 | 1 | 4 |
_aIngresos. _958362 |
| 650 | 1 | 4 |
_aNutrición. _982246 |
| 650 | 1 | 4 |
_aPobreza. _989463 |
| 700 | 1 |
_aRubalcava, Luis. _9100440 |
|
| 700 | 1 |
_aSantana, Alicia. _9102301 |
|
| 710 | 0 | _aMéxico. Secretaría de Desarrollo Social. | |
| 830 | 0 |
_aDocumentos de investigación _v; 23 |
|
| 901 | _aBK | ||
| 942 | _cFOLL | ||
| 949 |
_aFolleto 17393 _bBC _cFOLL _d33724002078637 _eTS1 _gDonaciØn _i107047 _sb |
||
| 999 |
_c95422 _d95422 |
||